03428nam a22003978i 4500001001900000003000700019005001700026006001900043007001500062008004100077020003700118020002700155024003100182035002200213040002600235041000800261050001100269072001700280072002500297072002500322082001900347100003600366245009000402300005200492490003900544504005100583505138900634520058902023546001202612650006302624650006502687650004602752776014802798830004002946856004402986BRILL9789004510173nllekb20260415154317.0m d cr un uuuua230524s2023 gw sb 001 0 eng d a9789004510173q(electronic book) z9789004510166q(print)7 a10.1163/97890045101732DOI z(OCoLC)1371748015 aNL-LeKBcNL-LeKBerda aeng 4aZ151.3 7aHBLH2bicssc 7aHISx0100002bisacsh 7aHISx0370202bisacsh04a686.2094202231 aRichards, Celyn David,eauthor.14aThe English Print Trade in the Reign of Edward VI, 1547-1553 /cCelyn David Richards. a1 online resource (310 pages) :billustrations.1 aLibrary of the Written Word ;v115 aIncludes bibliographical references and index.0 tAcknowledgements -- List of Figures, Tables and Graphs -- AbbreviationsI -- 1 Introduction -- 2 The Reign of Edward VI and the English Book World: An Overview -- 1 The English Print World before 1547 -- 2 The Political Conditions of the Reign of Edward VI -- 3 Religious Affairs in England and Europe -- 4 The English Economy -- 5 The Output of English Printers, 1547-1553 -- 6 Edwardian Historiography -- 7 Key Questions -- 3 Print and Government -- 1 Censorship and the Law -- 2 Resistance and Suppression -- 3 The Religious and Social Radical Fringe -- 4 Official Offices, Compulsory Provisions and Rival Texts -- 1 The Canonical Texts of the Edwardian Church -- 2 State Patronage: Printers' Patents and Privileges -- 5 A Technical and Design Examination -- 1 The Henrician State of Affairs -- 2 Design Conventions -- 3 Technical Improvements -- 4 Woodcut Title Borders and Initials -- 5 Stylistic Conventions and Development -- 6 Commercial Networks -- 1 The Composite Parts of the English Book World -- 2 Commercial Relationships between Printers and Publishers -- 3 Partnerships -- 4 Printers for Hire -- 5 Publishers -- 7 The Growth of the Wider English Book World -- 1 'Certayne Honest Menne of the Occupacyon Whose Names Be upon Their Bokes': The Paul's Cross Publishing Syndicate -- 2 'Private' Patronage -- 3 Patronage Partnerships -- 8 Conclusion -- Bibliography -- Index. aThe protestant reformation was critical to the efflorescence of printing in England between 1547 and 1553. Celyn David Richards explores English print culture during this turbulent period, as an official programme of reform, new censorship dynamics and increasingly sophisticated commercial relationships contributed to the trade's rapid expansion. Edward VI's reign saw unprecedented levels of religious print production, London's first publishing syndicate, and a climate of protestant ascendancy which helped English print culture to make up ground on its continental counterparts. aEnglish 0aBook industries and tradezEnglandxHistoryy16th century. 0aPrintingxPolitical aspectszEnglandxHistoryy16th century. 0aPrintingzEnglandxHistoryy16th century.08iPrint version:tThe English Print Trade in the Reign of Edward VI, 1547-1553.dLeiden ; Boston : Brill, 2023.z9789004510166w(DLC) 2023013632 0aLibrary of the Written Word ;v115.4 uhttp://dx.doi.org/10.1163/9789004510173